00643nam a2200205Ia 4500003000400000005001700004008004100021020001800062040001800080041000800098082002100106100002000127245009300147250001200240260005200252300002500304650005500329650002900384650002400413OSt20240503133519.0210716s2014 xx 000 0 und d a9781625271747 cAIMIT LIBRARY aeng a374.22 21bKOTJ aKotter, John P. aAccelerate : bbuilding strategic agility for a faster-moving world /cBy John P Kotter. a1st ed. aBoston :bHarvard Business Review Book ,c2014. ax,206p. ;bHBc22 cm aSeizing opportunities with a dual operating system aLeadership and evolution aThe big opportunity